Giáo trình lịch sử tiếng Việt (sơ thảo)

Nghiên cứu về lịch sử hình thành và phát triển của tiếng Việt

Spremljeno u:
Bibliografski detalji
Glavni autor: Trần, Trí Dõi
Format: Knjiga
Jezik:Undetermined
Izdano: Hà Nội Đại học Quốc gia Hà Nội 2005
Teme:
Oznake: Dodaj oznaku
Bez oznaka, Budi prvi tko označuje ovaj zapis!
Thư viện lưu trữ: Trung tâm Học liệu Trường Đại học Cần Thơ
LEADER 00732nam a2200229Ia 4500
001 CTU_114609
008 210402s9999 xx 000 0 und d
020 |c 22500 
082 |a 495.922009 
082 |b D428 
100 |a Trần, Trí Dõi 
245 0 |a Giáo trình lịch sử tiếng Việt 
245 0 |b (sơ thảo) 
245 0 |c Trần Trí Dõi 
260 |a Hà Nội 
260 |b Đại học Quốc gia Hà Nội 
260 |c 2005 
520 |a Nghiên cứu về lịch sử hình thành và phát triển của tiếng Việt 
650 |a Vietnamese language 
650 |x Phonology 
904 |i Hiếu 
980 |a Trung tâm Học liệu Trường Đại học Cần Thơ